00503nam a22001697a 450000500170000001000150001702000260003203500140005803700130007208200140008524501120009926000390021127000160025030000200026670000280028670000190031420221014105008.0 aENG-135403 a9789380705668c800.00 aEN-118935 bDBAD/PUB a361.95454 aStatistical Hand Book of LWE Affected Blocks In Odisha/cEdited by Sanjay Kumar Mohapatra and Sridhar Panda aOdishabGovernment Of Odishac2017 bBhubaneswar a403p.c25cm(hb) aMohapatra, Sanjay Kumar aPanda, Sridhar